000 00708nam a2200241Ia 4500
003 OSt
005 20220918202524.0
006 a|||||r|||| 00| 0
007 ta
008 220917b |||||||| |||| 00| 0 eng d
024 _a101,875
037 _cTextual
040 _aARTS
_cARTS
_beng
041 _2eng
_aeng
082 _aV245,193,(zM).M5, L8
100 _aKapur M L
_9103560
245 0 _aCommission of enquiry aganist Maharaja Gulab Singh
_b For his role in second Anglo Sikh war
260 _aNew Delhi
_bOriental Publishers
_c1978
300 _a183p. illus
_ccm.
650 _aHISTORY
942 _hV245,193,(zM).M5, L8
_cTEXL
_2CC
999 _c225335
_d225335